Childlessness in Bangladesh : (Record no. 39159)
[ view plain ]
| 000 -LEADER | |
|---|---|
| fixed length control field | 01880cam a22001938i 4500 |
| 020 ## - INTERNATIONAL STANDARD BOOK NUMBER | |
| ISBN | 9780367504854 |
| 020 ## - INTERNATIONAL STANDARD BOOK NUMBER | |
| ISBN | 9780367505455 |
| 082 00 - DEWEY DECIMAL CLASSIFICATION NUMBER | |
| Classification number | 305.4095492 |
| Item number | NAH-C |
| 100 1# - MAIN ENTRY--AUTHOR NAME | |
| Personal name | Nahar, Papreen, |
| 245 10 - TITLE STATEMENT | |
| Title | Childlessness in Bangladesh : |
| Sub Title | intersectionality, suffering and resilience / |
| Statement of responsibility, etc | Papreen Nahar. |
| 260 ## - PUBLICATION, DISTRIBUTION, ETC. (IMPRINT) | |
| Place of publication | Newyork: |
| Name of publisher | Routledge: |
| Year of publication | 2022. |
| 300 ## - PHYSICAL DESCRIPTION | |
| Number of Pages | 210p. |
| 504 ## - BIBLIOGRAPHY, ETC. NOTE | |
| Bibliography, etc | Includes bibliographical references and index. |
| 520 ## - SUMMARY, ETC. | |
| Summary, etc | "This book examines the various dimensions of infertility in the context of Bangladesh, based on ethnographic research conducted on the embodied experience of rural and urban women. Childless women in Bangladesh, an over-populated country where fertility control is the primary focus of health policy, are all but non-existent. Papreen Nahar offers an alarming account of stigma, abuse, ostracism and violence against these women, sharing their experiences of marginalisation in a culture that idealises motherhood. In such a reality, the experience of childlessness, particularly for women, can be much more severe than what is defined as 'infertility' in the biomedical sense. As childlessness is a complex interaction between biology, society and culture, the book illustrates the ways in which infertility transforms a health problem into social suffering. Although Bangladeshi childless women are systematically excluded by various structural forces, it appears they do not succumb to their circumstances; rather, they develop resilience and agency to become survivors of their new, albeit bleak, lives. The volume will be of interest to scholars working in anthropology, reproductive and women's health, global health, gender studies, development studies and Asian studies"-- |
| 650 #0 - SUBJECT ADDED ENTRY--TOPICAL TERM | |
| Topical Term | Women |
| Geographic subdivision | Bangladesh. |
| 650 #0 - SUBJECT ADDED ENTRY--TOPICAL TERM | |
| Topical Term | Childlessness |
| Geographic subdivision | Bangladesh. |
| 650 #0 - SUBJECT ADDED ENTRY--TOPICAL TERM | |
| Topical Term | Infertility |
| General subdivision | Political aspects |
| Geographic subdivision | Bangladesh. |
| 942 ## - ADDED ENTRY ELEMENTS (KOHA) | |
| Source of classification or shelving scheme | Dewey Decimal Classification |
| Koha item type | Books |
| Withdrawn status | Lost status | Damaged status | Not for loan | Home library | Current library | Date acquired | Source of acquisition | Cost, normal purchase price | Bill Date | Full call number | Accession Number | Cost, replacement price | Price effective from | Koha item type |
|---|---|---|---|---|---|---|---|---|---|---|---|---|---|---|
| NASSDOC Library | NASSDOC Library | 17/05/2024 | Overseas press India Pvt Ltd | 9001.78 | 20-03-24 | 305.4095492 NAH-C | 54286 | 13848.90 | 17/05/2024 | Books |
